| 000 | 02536cam a22005294i 4500 | ||
|---|---|---|---|
| 003 | PE-LiUPU | ||
| 005 | 20250731172827.0 | ||
| 008 | 150617s r 000 0 d | ||
| 035 | _a(Sirsi) a15153 | ||
| 040 |
_aPE-LiUPU _bspa _cPE-LiUPU _erda |
||
| 049 | _aPRUA | ||
| 082 | 0 | 4 |
_a286.709 _bC63 _221 |
| 082 | 0 | 4 |
_a286.732092 _bC63 _221 |
| 100 | 1 |
_aClough, Caroline Louise, _eautor. |
|
| 245 | 1 | 0 |
_aHis name was David : _bthe remarkable life of Dr. David Paulson, man of faith and founder of Hinsdale Sanitarium / _cCaroline Louise Clough. |
| 264 | 1 |
_aWashintong : _bReview and Herald Publishing Association, _c1955. |
|
| 300 |
_a160 páginas ; _c23 cm |
||
| 336 |
_atext _2rdacontent |
||
| 337 |
_aunmediated _2rdamedia |
||
| 338 |
_avolume _2rdacarrier |
||
| 505 | 0 | _aA boy's vow to God -- Hard knocks -- David tells how to study -- Discovering the needs of humanity -- Now ready to fulfill vow -- A diamond mine and a dark basement -- Stepping out by faith -- "I'm a stenographer, sir" -- Gems from cChicago's gutters -- A trip to Europe -- Home Again -- Hinsdale-a story of prayeer and faith -- More than weeds grew here -- Keeping time with God's clocks -- A bank that never failed -- A glimpse of David's prayer life -- A vow to god fulfilled. | |
| 526 | _aSEG42 | ||
| 526 | _aSEG41 | ||
| 526 | _aSEG40 | ||
| 526 | _aSEG39 | ||
| 526 | _aP94 | ||
| 526 | _aP87 | ||
| 526 | _aP86 | ||
| 526 | _aP85 | ||
| 526 | _aP77 | ||
| 526 | _aP76 | ||
| 526 | _aP35 | ||
| 600 | 1 |
_aPaulson, David. _d1868-1916 |
|
| 610 | 2 | _aSanatorio Hinsdale. | |
| 910 |
_ajck _bjvq _cjck _d20150616 |
||
| 942 |
_2ddc _cBOOK |
||
| 949 |
_a286.709 C63 _wDEWEY _c1 _i34790 _lCCODEBUL1 _mBUL _p _r0 _sY _tBOOK _u19840307 _xTEOLOGIA _PP35 _0COMPRA _o.STAFF. Colección General |
||
| 949 |
_a286.709 C63 _wDEWEY _c2 _i22322 _lCCODEBUL1 _mBUL _p _r0 _sY _tBOOK _u19840307 _xTEOLOGIA _PP35 _0COMPRA _o.STAFF. Colección General |
||
| 994 |
_aC0 _bPEPRU |
||
| 596 | _a1 4 | ||
| 999 |
_a286.709 C63 _wDEWEY _c5710 _i34790 _f2021-11-11 _g6 _lCCODEBUL1 _mBUL _r0 _sY _tBOOK _u2015-6-17 _xTEOLOGIA _PP35 _0COMPRA _o.STAFF. Colección General _d5710 |
||
| 999 |
_a286.709 C63 _wDEWEY _c2 _i22322 _f2021-11-12 _g6 _lCCODEBUL1 _mBUL _r0 _sY _tBOOK _u2015-6-17 _xTEOLOGIA _PP35 _0COMPRA _o.STAFF. Colección General |
||
| 999 |
_a286.732092 C63 1955 _wDEWEY _c1 _iCW64424 _f2021-12-23 _g2 _lCCODECWL1 _mBWL _p25.00 _r0 _sY _tBOOK _u2015-7-6 _xWHITE _zUNKNOWN _o.STAFF. Centro White |
||
| 980 |
_81 _gALBERTO SANCHEZ Responsable de Automatización |
||